| 000 | 01779cam a2200481 a 4500 | ||
|---|---|---|---|
| 001 | 22251 | ||
| 003 | VRT | ||
| 005 | 20260323152747.0 | ||
| 008 | 240226s1996 xo era 000 f slo | ||
| 015 | _aSNBA1997/0200319 | ||
| 020 | _a8022007218 | ||
| 035 | _aSNK000168978 | ||
| 035 | _aurn:nbn:sk:snk-amk3gt | ||
| 035 | _aurn:nbn:sk:snk-am0058m9 | ||
| 035 | _aD1F74040-49FB-4E4A-9BA9-018838A48F3B | ||
| 039 | 9 |
_a202408181445 _bcsnk01 _c202408181444 _dcsnk01 _c202408181441 _dcsnk01 _c202402262051 _dVLOAD |
|
| 040 |
_aSNK _bslo _cSNK _eAACR2 |
||
| 041 | 1 |
_aslo _heng |
|
| 044 |
_axo _cSK |
||
| 072 | 7 |
_a821.111(73)-3 _xAmerická próza _2konspekt |
|
| 080 |
_a821.111(73)-31 _22001 |
||
| 100 | 1 |
_aHeron, Echo _4aut |
|
| 240 | 1 | 0 |
_aIntensive care _lSlovensky |
| 245 | 1 | 0 |
_aIntenzívna starostlivosť _bpríbeh zdravotnej sestry _cEcho Heronová |
| 250 | _a1. vyd. | ||
| 260 |
_aBratislava _bSlovenský spisovateľ _cc1996 |
||
| 300 |
_a304 s. _c21 cm |
||
| 500 | _aIlustrácie na titulnej strane | ||
| 500 | _aZ anglického originálu preložil Jozef Kot | ||
| 655 | 7 |
_aamerické romány _2SNKPH |
|
| 655 | 7 |
_aAmerican fiction _2SNKPHeng |
|
| 700 | 1 |
_aKot, Jozef, _d1936-2022 _4trl |
|
| 911 |
_aKN 1997/02 _b00319 |
||
| 942 |
_2ddc _cKLDO _n0 |
||
| 949 |
_6270001000035180 _asvkbbA 91953 _bsvkbbm 604512 _p604.512 |
||
| 949 |
_9P60, <09>, [BOOK], {629} _asnkC 3085 _bsnk4031/961118 |
||
| 949 |
_617A0017350 _9P60, <03>, [BOOK], {603} _asnkSC 91694 _bsnkKSP 9841/96 _s6100:20140925 |
||
| 949 |
_617A0017351 _9P60, <05>, [BOOK], {605} _asnkSC 91694 D1 _bsnkKSP 9842/96 |
||
| 949 |
_6273K0229362 _asvkpoA 168544 _bsvkpo419020 |
||
| 949 |
_63830001101754 _akurukT1/HERO1-1 _bkuruk2015/F3252 |
||
| 999 |
_c22251 _d22251 |
||